Service-oriented and cloud computing : (Record no. 23761)
[ view plain ]
| 000 -LEADER | |
|---|---|
| fixed length control field | 00994cam a22002535a 4500 |
| 001 - CONTROL NUMBER | |
| control field | 17827180 |
| 005 - DATE AND TIME OF LATEST TRANSACTION | |
| control field | 20161227120407.0 |
| 008 - FIXED-LENGTH DATA ELEMENTS--GENERAL INFORMATION | |
| fixed length control field | 130726t2013 gw a frb 101 0 eng d |
| 020 ## - INTERNATIONAL STANDARD BOOK NUMBER | |
| International Standard Book Number | 9783642406508 |
| 040 ## - CATALOGING SOURCE | |
| Original cataloging agency | DLC |
| Language of cataloging | eng |
| Transcribing agency | DLC |
| Modifying agency | EG-SccBUE |
| 082 04 - DEWEY DECIMAL CLASSIFICATION NUMBER | |
| Edition number | 22 |
| Classification number | 004.654 |
| Item number | SER |
| 111 2# - MAIN ENTRY--MEETING NAME | |
| Meeting name or jurisdiction name as entry element | ESOCC (Conference) |
| Number of part/section/meeting | (2nd : |
| Date of meeting | 2013 |
| Location of meeting | Málaga, Spain) |
| 245 00 - TITLE STATEMENT | |
| Title | Service-oriented and cloud computing : |
| Remainder of title | Second European Conference, ESOCC 2013, Malaga, Spain, September 11-13, 2013 : Proceedings / |
| Statement of responsibility, etc | edited by Kung-Kiu Lau, Winfried Lamersdorf, Ernesto Pimentel. |
| 250 ## - EDITION STATEMENT | |
| Edition statement | 1st ed. |
| 260 ## - PUBLICATION, DISTRIBUTION, ETC. (IMPRINT) | |
| Place of publication, distribution, etc | Berlin : |
| Name of publisher, distributor, etc | Springer, |
| Date of publication, distribution, etc | c.2013. |
| 300 ## - PHYSICAL DESCRIPTION | |
| Extent | x, 244 p. : |
| Other physical details | ill. ; |
| Dimensions | 24 cm. |
| 490 0# - Series Statement | |
| Series statement | Lecture notes in computer science ; |
| Volume/sequential designation | 8135 |
| 504 ## - BIBLIOGRAPHY, ETC. NOTE | |
| Bibliography, etc | Includes bibliographical references and index. |
| 650 #7 - SUBJECT ADDED ENTRY--TOPICAL TERM | |
| Source of heading or term | BUEsh |
| Topical term or geographic name as entry element | Service-oriented architecture (Computer science) |
| General subdivision | Congresses. |
| 651 ## - SUBJECT ADDED ENTRY--GEOGRAPHIC NAME | |
| Source of heading or term | BUEsh |
| 653 ## - INDEX TERM--UNCONTROLLED | |
| Resource For college | Informatics and Computer Science |
| Arrived date list | December2016 |
| 700 1# - ADDED ENTRY--PERSONAL NAME | |
| Personal name | Lau, K.-K. (Kung-Kiu), |
| Dates associated with a name | 1953- |
| Relator term | editor. |
| 942 ## - ADDED ENTRY ELEMENTS (KOHA) | |
| Source of classification or shelving scheme | Dewey Decimal Classification |
| Withdrawn status | Item status | Source of classification or shelving scheme | Damaged status | Not for loan | Vendor | Home library | Current library | Shelving location | Date acquired | Source of acquisition | Cost, normal purchase price | Serial Enumeration / chronology | Total Checkouts | Full call number | Barcode | Date last seen | Cost, replacement price | Koha item type |
|---|---|---|---|---|---|---|---|---|---|---|---|---|---|---|---|---|---|---|
| Dewey Decimal Classification | Baccah | Central Library | Central Library | Lower Floor | 27/12/2016 | Purchase | 460.00 | 2000088 | 004.654 SER | 000040654 | 15/07/2025 | 575.00 | Book - Borrowing |